000 00705nam a22002411c 4500
001 019916051
008 051024s1972 gw |||| 000u ger d
020 _a351200250
_93-512-0025-0
041 _ager
100 1 _aØrvik, Nils
240 1 0 _aFinsk sikkerhet
245 0 0 _aSicherheit auf finnisch :
_bFinnland und die Sowjetunion
264 _aStuttgart :
_bSeewald,
_c1972
300 _a210 S. : 21 cm
650 0 _aAußenpolitik
650 0 _aSicherheitspolitik
651 0 _aFinnland
651 0 _aSowjetunion
942 _cMG
040 _cRU-10907106
003 RU-10907106
999 _c22683
_d22683
490 0 _aSchriftenreihe der Studiengesellschaft für Zeitprobleme e.V. Bad Godesberg : Militärpolitik
_v7